000 00667cam a2200229 4500500
005 20260329002922.0
041 _afre
042 _adc
100 1 0 _aLegros, Martin
_eauthor
245 0 0 _aAvortement, le grand retournement
260 _c2014.
500 _a26
690 _aAvortement
690 _aConservatisme
690 _aFernando Savater
690 _aIntégrisme
690 _aReligions
690 _aSaint Thomas d’Aquin
690 _aTertullien
786 0 _nPhilosophie magazine | 77 | 3 | 2014-03-01 | p. 2-3 | 1951-1787
856 4 1 _uhttps://shs.cairn.info/magazine-philosophie-magazine-2014-3-page-2?lang=fr&redirect-ssocas=7080
999 _c1819673
_d1819673